000 00604nab a2200181 4500
003 BR-BrBNA
005 20250423093554.0
008 250423b bl.||||| |||| 00| 0 por d
040 _aBR-BrBNA
_bpor
072 _aE20
100 _aResende, Tatiana
245 _aO guarda-chuva pequeno
_bAgrofinança
500 _a2 illus.
650 _aSEGURO RURAL
773 0 _01706
_9347837
_dSão Paulo-SP Editora Três Ltda - E-mail: luizfsa@revistadinheiro.com.br 2004
_o2025-0338
_tDinheiro Rural (Brazil)
_x1807-3700
_gv. 4(28) p. 78-79; (Feb 2007)
_wBR2025000853
942 _cANA
999 _c331155
_d331155